000 00693nam a2200217Ia 4500
005 20241129110932.0
008 241129s9999||||xx |||||||||||||| ||und||
020 _a978-93-87273-17-7
037 _aTB
040 _aCRL
_beng
_cCRL
041 _aeng
_2eng
084 _aX7285:(Z2) Q8
_qCRL
100 _aBabbar Sonal Au.; Rasleen Kaur Au.; Khurana Kritika Au.
_9722859
245 0 _aGoods and services tax (GST) and customs law
_cBabbar Sonal Au.; Rasleen Kaur Au.; Khurana Kritika Au.
260 _aNew Delhi, India
_bScholar Tech Press
_c2018
300 _aQ.22p.
365 _aINR
_b595
650 _aEconomics
942 _cTB
_hX7285:(Z2) Q8
999 _c1228168
_d1228168